The First Ten... Quiz Stats

Quiz Updated Aug 28, 2012

Challenge
Share
Tweet
Embed
Score 0/100 Timer 10:00
4 Plays Today
% Correct
George Washington
95.8%
3
89.2%
Alpha
89.1%
7
88.9%
5
88.8%
2
88.8%
11
88.6%
13
88.4%
17
88.2%
19
87.9%
Beta
87.6%
23
87.6%
John Adams
87.4%
John Quincy Adams
86.6%
Hydrogen
86.4%
29
86.1%
Thomas Jefferson
84.1%
Oxygen
81.2%
Helium
79.8%
Virginia
79.3%
Snow White
76.9%
Delaware
75.2%
England
75%
Genesis
74.6%
Pennsylvania
73.8%
Delta
73.4%
Brazil
73.2%
Gamma
72.6%
Maryland
70.6%
Massachusetts
70.6%
France
70.4%
West Germany
69.9%
New Jersey
69.2%
Athens
68.7%
% Correct
Carbon
68.6%
Connecticut
67.4%
New Hampshire
65.6%
James Madison
65.6%
Italy
65%
Georgia
64.3%
James Monroe
62.8%
Nitrogen
60.6%
Epsilon
60.2%
Exodus
60.2%
South Carolina
59.9%
Andrew Jackson
56.8%
London
56.7%
Numbers
52.2%
Paris
52.2%
Paris
52.2%
Mexico
51%
Leviticus
50.2%
Fantasia
48.9%
Boron
47.8%
Deuteronomy
46.8%
Neon
46.4%
Berlin
45.6%
John Tyler
44.4%
Lithium
44.3%
Martin Van Buren
43.4%
Kappa
42.2%
William Henry Harrison
41.6%
Bambi
39%
Theta
38.4%
Iota
32.4%
Uruguay
31.9%
Eta
31.6%
Los Angeles
29.3%
% Correct
Chile
29.3%
Beryllium
28.8%
Zeta
28.8%
Dumbo
28.8%
Ruth
28.4%
Pinocchio
28.3%
Fluorine
27.2%
Sweden
26.3%
Judges
24.5%
Joshua
22.2%
Switzerland
22.1%
St. Louis
17.3%
1 Samuel
16.1%
2 Samuel
16%
Amsterdam
14.5%
Stockholm
14%
Wings
12.5%
Antwerp
7.7%
It Happened One Night
7.2%
All Quiet on the Western Front
5.9%
The Three Caballeros
5.3%
Cimarron
4.7%
Grand Hotel
4.4%
Fun and Fancy Free
4%
Make Mine Music
4%
Cavalcade
3.6%
Saludos Amigos
3.3%
The Broadway Melody
3.2%
Melody Time
3.1%
Mutiny on the Bounty
2.9%
The Great Ziegfeld
2.9%
The Life of Emile Zola
2.9%

You're not logged in!

Compare scores with friends on all Sporcle quizzes.
Sign Up with Email
OR
Log In

You Might Also Like...

Show Comments

Extras

Top Quizzes Today


Score Distribution

Your Account Isn't Verified!

In order to create a playlist on Sporcle, you need to verify the email address you used during registration. Go to your Sporcle Settings to finish the process.